[Event "FIDE Chesscom Grand Swiss 2021"]
[Site "Riga"]
[Date "2021.11.05"]
[Round "9.6"]
[White "Harikrishna, Pentala"]
[Black "Sevian, Samuel"]
[Result "1/2-1/2"]
[WhiteElo "2719"]
[BlackElo "2654"]
[Annotator "TA"]
[PlyCount "99"]
[EventDate "2021.10.27"]
[EventType "swiss"]
[EventCountry "LAT"]
[Tiebreak "Cut1 Buchholz+Sonneborn-Berger (Swiss)"]
[SourceTitle "playchess.com"]
[Source "ChessBase"]
[SourceQuality "1"]

{[%evp 22,99,11,11,12,6,27,7,40,43,45,37,41,45,45,41,46,46,46,46,46,46,52,46,
45,29,34,37,35,35,35,0,32,27,41,31,25,0,0,0,8,8,8,8,8,8,8,0,0,0,0,0,0,0,0,0,0,
0,0,0,0,0,0,0,0,0,0,0,0,0,0,0,0,0,0,0,0,0,0,0]} 1. d4 Nf6 2. c4 e6 3. Nf3 d5 4.
Nc3 Bb4 5. Bg5 h6 6. Bxf6 Qxf6 7. Qb3 c5 8. cxd5 exd5 9. e3 O-O 10. dxc5 Bxc3+
11. Qxc3 Qxc3+ 12. bxc3 Nd7 {D38: Queen's Gambit Declined: Ragozin Defence (4
Nf3 Bb4).} 13. Rd1 Nf6 $1 {[%mdl 4] is recently more successful than 13...Nxc5.
} 14. c4 {[#]} dxc4 $146 ({Predecessor:} 14... Be6 15. Nd4 {1/2-1/2 (15) Dubov,
D (2683)-So,W (2765) Wijk aan Zee 2020}) 15. Bxc4 Bg4 16. Rc1 Bxf3 17. gxf3
Rac8 18. Ke2 Nd7 19. c6 Rxc6 20. Bb5 Rxc1 21. Rxc1 $14 {[%mdl 4096] Endgame
KRB-KRN} Nb6 22. Rc7 Rb8 23. Bd3 Nd5 24. Rc5 Nb4 25. Bc4 {aiming for Rc7.} Nc6
26. Rf5 Rf8 27. f4 g6 28. Rb5 b6 29. Rb1 Rc8 {The position is equal.} 30. Rd1
Kf8 31. Rd7 Ne5 {[%cal Re5d7]} 32. fxe5 Rxc4 33. Rxa7 $11 {KR-KR} Rc5 34. f4
Rc2+ 35. Kf3 Rxh2 36. Ra6 Ke7 37. a3 b5 38. Ra7+ Ke6 39. Ra6+ Ke7 40. Ra5 Rb2
41. e4 Rb3+ 42. Kf2 b4 43. Ra7+ Ke6 44. Ra6+ Ke7 45. axb4 Rxb4 46. Ke3 Rb3+ 47.
Kd4 Rf3 48. f5 gxf5 49. exf5 Rxf5 50. Rxh6 {Weighted Error Value: White=0.03/
Black=0.02} 1/2-1/2

[Event "FIDE Chesscom Grand Swiss 2021"]
[Site "Riga"]
[Date "2021.11.05"]
[Round "9.7"]
[White "Alekseenko, Kirill"]
[Black "Sjugirov, Sanan"]
[Result "1/2-1/2"]
[WhiteElo "2710"]
[BlackElo "2663"]
[Annotator "TA"]
[PlyCount "45"]
[EventDate "2021.10.27"]
[EventType "swiss"]
[EventCountry "LAT"]
[Tiebreak "Cut1 Buchholz+Sonneborn-Berger (Swiss)"]
[SourceTitle "playchess.com"]
[Source "ChessBase"]
[SourceQuality "1"]

{[%evp 10,45,36,25,30,-3,20,0,20,37,22,10,18,6,49,6,19,3,10,0,0,0,0,0,0,0,0,
-24,-20,-24,-22,-20,0,0,0,-24,0,0]} 1. e4 c5 2. Nf3 Nc6 3. Bb5 e6 4. O-O Nge7
5. d4 cxd4 6. Nxd4 Ng6 $1 {[%mdl 4] is now more promising than 6...Qb6. B30:
Sicilian: 2...Nc6 3 Bb5, lines without ...g6.} 7. Nxc6 {[#]} dxc6 $146 ({
Predecessor:} 7... bxc6 8. Be2 Bc5 9. c4 O-O 10. Nc3 e5 11. Be3 Bxe3 12. fxe3
d6 13. Qd2 Be6 14. Rad1 {1/2-1/2 (57) Matinian,N (2436)-Sjugirov,S (2663)
Chess.com INT 2021}) 8. Bc4 Qxd1 9. Rxd1 Bc5 10. a4 a5 11. Nd2 Ke7 12. Nf1 (12.
Nb3 $5 {[%cal Rb3c5]} Bb6 13. Nd4 $14) 12... Bd7 13. g3 Rhd8 14. Kg2 f6 15. Bd2
Ne5 16. Be2 g5 17. Bc3 Nf7 18. Nd2 e5 19. Nb3 Bb6 20. Nd2 Bc5 21. Nb3 Bb6 22.
Nd2 Bc5 23. Nb3 {Not much happened in this game.  Weighted Error Value:
White=0.09/Black=0.06} 1/2-1/2

[Event "FIDE Chesscom Grand Swiss 2021"]
[Site "Riga"]
[Date "2021.11.05"]
[Round "9.8"]
[White "Yu, Yangyi"]
[Black "Najer, Evgeniy"]
[Result "1-0"]
[WhiteElo "2704"]
[BlackElo "2654"]
[Annotator "TA"]
[PlyCount "65"]
[EventDate "2021.10.27"]
[EventType "swiss"]
[EventCountry "LAT"]
[Tiebreak "Cut1 Buchholz+Sonneborn-Berger (Swiss)"]
[SourceTitle "playchess.com"]
[Source "ChessBase"]
[SourceQuality "1"]

{[%evp 9,65,12,16,19,10,2,37,23,38,33,46,47,53,54,41,35,33,35,63,62,54,47,50,6,
31,26,56,40,81,69,150,58,236,249,263,134,172,98,110,94,516,539,622,366,366,366,
554,539,959,943,925,812,804,792,776,778,2439,2283]} 1. c4 e5 2. g3 d6 3. Nc3 f5
4. Bg2 Nf6 5. Nf3 Be7 6. O-O {A21: English Opening: 1...e5 2 Nc3.} O-O 7. b4 {
[%cal Bb2b4,Bb4b5][%mdl 32]} Kh8 8. d3 {White is slightly better.} Qe8 9. a4 $5
{[%mdl 4] [#] A promising side line.} a5 $146 ({Predecessor:} 9... Qh5 10. e3
a5 11. b5 Nbd7 12. Ba3 Rb8 13. Rc1 Bd8 14. Nh4 Qxd1 15. Rfxd1 g6 16. Nf3 {
1-0 (27) Geerken,L (2024)-Hermannsdoerfer,F (1833) GER email 2016}) 10. b5 Nbd7
11. e3 Rb8 12. Ba3 b6 13. Nd2 Bb7 14. Bxb7 Rxb7 15. Qf3 Rb8 16. Rae1 Qg6 (16...
d5 $5 {[%cal Re7a3]} 17. Bxe7 Qxe7 $11) 17. Qc6 e4 18. d4 (18. Qxc7 Rfc8 $15)
18... Rbd8 19. f3 {[%cal Rf3e4]} (19. Qxc7 $6 Rc8 $11) 19... exf3 (19... Qh5
$14) 20. Nxf3 (20. Qxf3 $16 Qg5 21. Qxf5) 20... Nb8 $2 (20... Qh5 $14) 21. Qxc7
$18 Nbd7 {[#] intending ...Rc8.} 22. Nh4 ({Not} 22. Bxd6 Rc8 $11) (22. Ne5 $1
$18 {[%mdl 512]} dxe5 23. Bxe7) 22... Qh5 $16 {[#]} 23. Rxf5 (23. Qb7 $1 $18)
23... g5 {[#] And now ...Qg4 would win.} 24. Ref1 $1 Qh6 $2 {[%mdl 8192]} (
24... Qg4 $16 {is a better chance.} 25. Ng2 (25. Bxd6 Rc8 $17) 25... Rc8) 25.
Nf3 $18 Rc8 26. Qb7 Rxc4 27. Bb2 g4 (27... Rcc8 $142 28. Nxg5 Ng4 29. Nf7+ {
[%mdl 64] Overworked Piece} Rxf7 30. Qxc8+ Nf8) 28. Ng5 {White is clearly
winning.} Kg8 29. Nd5 {[%mdl 64] Double Attack} Bd8 30. Ne6 Rc2 31. R1f2 Rxf2
32. Rxf2 Ne4 33. Rxf8+ {Weighted Error Value: White=0.33/Black=0.54} 1-0

[Event "FIDE Chesscom Grand Swiss 2021"]
[Site "Riga"]
[Date "2021.11.05"]
[Round "9.9"]
[White "Petrosyan, Manuel"]
[Black "Maghsoodloo, Parham"]
[Result "1/2-1/2"]
[WhiteElo "2605"]
[BlackElo "2701"]
[Annotator "TA"]
[PlyCount "144"]
[EventDate "2021.10.27"]
[EventType "swiss"]
[EventCountry "LAT"]
[Tiebreak "Cut1 Buchholz+Sonneborn-Berger (Swiss)"]
[SourceTitle "playchess.com"]
[Source "ChessBase"]
[SourceQuality "1"]

{[%evp 9,144,7,3,12,6,0,21,0,0,0,0,0,0,0,47,20,12,-7,0,-6,0,-8,0,0,0,0,29,0,53,
53,53,53,53,53,53,51,49,59,62,27,28,22,22,0,0,0,0,0,0,0,0,0,0,0,0,0,0,0,0,0,0,
0,0,0,0,0,0,0,0,0,0,0,0,0,13,0,0,0,0,0,0,0,0,0,0,0,0,0,0,0,0,0,0,0,0,0,0,0,0,0,
0,0,0,0,0,0,0,0,0,0,0,0,0,0,0,0,0,0,0,-1,0,0,0,0,0,0,0,0,0,-1,-1,-1,0,0,0,0,1]
} 1. Nf3 Nf6 2. c4 e6 3. Nc3 d5 4. e3 Nbd7 5. b3 b6 6. Bb2 {A17: English
Opening: 1...Nf6 with ...Bb4.} Bb7 7. Rc1 a6 8. cxd5 exd5 9. d4 Bd6 10. g3 Qe7
11. Bg2 h5 {[#]} 12. Qc2 $146 ({Predecessor:} 12. Nd2 h4 13. Nc4 O-O-O 14.
Nxd6+ Qxd6 15. Kd2 Kb8 16. Kc2 Rh6 17. Kb1 Rdh8 18. Qc2 {0-1 (38) Dobre,C 
(2316)-Gheorghiu,C (2315) Mamaia 2019}) 12... O-O-O 13. a3 Kb8 14. b4 Ne4 15.
h4 Rh6 16. Nxe4 dxe4 17. Ng5 {[%cal Rg2e4]} Re8 18. Qb3 (18. d5 $5) 18... f6 (
18... Rf8 $11) 19. Nf7 $14 Rh7 20. Nxd6 Qxd6 21. a4 Bd5 22. Qa3 Kb7 23. Bf1 Nb8
24. b5 Qxa3 25. Bxa3 axb5 {The position is equal.} 26. axb5 Nd7 27. Kd2 Ra8 28.
Ra1 f5 29. Be2 g6 30. Bb4 (30. Rhc1 {with more complications.} Nf6 31. Ke1 Ra5
32. Kf1 Ng4 33. Kg1) 30... Rxa1 31. Rxa1 Nf6 32. Ra3 Ng4 33. Ke1 Nh2 34. Kd2
Rf7 35. Ra1 (35. Bc3 {is interesting.} Rh7 36. Kc2 Rh8 37. Be1 Ng4 38. Kc3)
35... Ng4 36. Ke1 Nf6 37. Kd2 (37. Kf1 {looks sharper.} Ne8 38. Ra3 Rd7 39. Ke1
Nf6 40. Rc3) 37... Rh7 38. Ra3 Ng4 39. Ke1 Nh2 40. Kd2 Nf3+ 41. Kc3 Rh8 42.
Bxf3 exf3 $11 {[%mdl 4096] Endgame KRB-KRB} 43. Be7 Rh7 44. Bg5 c6 45. bxc6+
Bxc6 46. Bf4 Rd7 47. Kb2 Bd5 48. Kc3 Be6 49. Kb4 Bf7 50. Rc3 Bd5 51. Ra3 Rd8
52. Bg5 Rd6 53. Bf4 Rd7 54. Kc3 Rd8 55. Kb4 Bc6 56. Kc3 Bb5 57. Kb4 Rd5 58. Kc3
Bd7 59. Bg5 Be6 60. Kb4 Bf7 61. Bf6 Be8 62. Kc3 Rd6 63. Be5 Rd8 64. Bf4 Rd5 65.
Bg5 Bf7 66. Kb4 Be6 67. Bf6 Bd7 68. Kc3 Rd6 69. Be5 Rc6+ 70. Kb2 Be6 71. Rc3
Bc4 72. Ka3 Bd5 {Weighted Error Value: White=0.03/Black=0.04} 1/2-1/2

[Event "FIDE Chesscom Grand Swiss 2021"]
[Site "Riga"]
[Date "2021.11.05"]
[Round "9.10"]
[White "Sasikiran, Krishnan"]
[Black "Eljanov, Pavel"]
[Result "1-0"]
[WhiteElo "2640"]
[BlackElo "2691"]
[Annotator "TA"]
[PlyCount "65"]
[EventDate "2021.10.27"]
[EventType "swiss"]
[EventCountry "LAT"]
[Tiebreak "Cut1 Buchholz+Sonneborn-Berger (Swiss)"]
[SourceTitle "playchess.com"]
[Source "ChessBase"]
[SourceQuality "1"]

{[%evp 16,65,31,0,6,-7,32,14,18,-16,25,20,41,0,17,18,13,0,16,16,23,23,27,34,52,
45,52,52,50,57,53,40,77,77,75,75,116,124,128,133,136,126,122,125,181,177,111,
34,581,561,539,532]} 1. e4 e5 2. Nf3 Nc6 3. Bb5 Nf6 4. O-O Nxe4 5. d4 Nd6 6.
Bxc6 dxc6 7. dxe5 Nf5 8. Qxd8+ Kxd8 9. h3 Be7 {9...Bd7 is the modern
continuation. C67: Ruy Lopez: Berlin Defence: 4 0-0 Nxe4.} 10. Nc3 Nh4 {
With the idea ...Nxf3+.} 11. Nxh4 (11. Rd1+ {feels hotter.} Ke8 12. Nd4 Nf5 13.
Nde2 Be6 14. Nf4) 11... Bxh4 {The position is equal.} 12. Be3 h5 13. Rad1+ Ke8
$1 {[#]} 14. f3 $5 $146 {[%mdl 8] An interesting novelty.} (14. Ne2 {with more
complications.} Bf5 15. Nd4 Bh7 16. f4 Rd8 17. c3) ({Predecessor:} 14. Ne2 Bf5
15. Nd4 Bh7 16. f4 Rd8 17. f5 Rd5 18. Bf4 Be7 19. g4 Bc5 20. c3 {1/2-1/2 (33)
Karjakin,S (2752)-Ding,L (2791) chess24.com INT 2020}) 14... Be7 15. g4 a5 16.
b3 Be6 17. Kg2 b5 18. Ne2 a4 19. Nf4 axb3 20. axb3 Ra2 21. Rf2 hxg4 22. hxg4
Bc8 23. Rfd2 g6 24. Nd3 $1 {[%cal Rd3b4] aiming for Nb4!} Ra8 25. Nc5 b4 26.
Ne4 {Strongly threatening Nf6+.} Be6 27. Nf6+ Kf8 28. Bg5 Kg7 {[#]} 29. Kg3 $1
Ra5 {[#]} (29... c5 $16 30. Ne4 Bxg5 31. Nxg5 Ra6) 30. f4 $1 $18 Raa8 31. Rd7
Bd8 $2 {[%mdl 8192] [#]} (31... Bxd7 $14 32. Rxd7 {[%mdl 64] Double Attack} Kf8
) 32. Ne8+ $1 {[%mdl 512]} Rxe8 33. Bxd8 {Weighted Error Value: White=0.09/
Black=0.36} ({Less strong is} 33. Rxd8 Rexd8 34. Bxd8 (34. Rxd8 Rxd8 35. Bxd8
Bd5 $14) 34... Bd5 $16) 1-0

[Event "FIDE Chesscom Grand Swiss 2021"]
[Site "Riga"]
[Date "2021.11.05"]
[Round "9.11"]
[White "Kryvoruchko, Yuriy"]
[Black "Shevchenko, Kirill"]
[Result "1/2-1/2"]
[WhiteElo "2686"]
[BlackElo "2632"]
[Annotator "TA"]
[PlyCount "61"]
[EventDate "2021.10.27"]
[EventType "swiss"]
[EventCountry "LAT"]
[Tiebreak "Cut1 Buchholz+Sonneborn-Berger (Swiss)"]
[SourceTitle "playchess.com"]
[Source "ChessBase"]
[SourceQuality "1"]

{[%evp 15,61,6,8,15,8,8,9,8,14,7,55,6,4,7,6,6,6,0,6,9,15,5,6,0,0,0,17,0,0,0,0,
0,0,0,0,0,0,0,0,0,0,-27,-1,-2,-2,-2,-4,-5]} 1. e4 c5 2. Nf3 Nc6 3. Bb5 g6 4.
O-O Bg7 5. c3 Nf6 6. Re1 O-O 7. d4 d5 {is cutting edge theory.} 8. e5 Ne4 9.
Be3 {B31: Sicilian: 2...Nc6 3 Bb5 g6.} cxd4 10. cxd4 Qb6 11. Bxc6 Qxc6 12. Nfd2
Be6 13. f3 (13. Nb3 {is interesting.} f6 14. f3 Ng5 15. Na3 b6 16. Qc1) 13...
Nxd2 14. Qxd2 Rfc8 15. Nc3 {[%cal Bb1c3,Bc3e2,Be2f4][%mdl 32] [#]} Qa6 $146 ({
Predecessor:} 15... Rc7 16. a4 Qd7 17. Bh6 Bh8 18. h4 Rac8 19. h5 Rc4 20. Kf2
f6 21. Bf4 g5 {1/2-1/2 (29) Bartel,M (2597)-Szpar,M (2403) Legnica 2021}) 16.
Ne2 Rc7 17. Nf4 Rac8 18. Rec1 f6 19. Rxc7 Rxc7 20. Re1 {Black must now prevent
exf6.} Rc8 21. Qb4 Bf7 22. e6 Bxe6 23. Nxe6 Qxe6 24. Bd2 ({Don't go for} 24.
Qxb7 $2 {[#]} Rc1 $3 $19 {[%mdl 512]}) 24... Qc6 25. Rc1 ({But not} 25. Rxe7
Bf8 $17) 25... Qe6 26. Rxc8+ ({Avoid the trap} 26. Qxb7 $2 Rxc1+ 27. Kf2 Rc2
$19) 26... Qxc8 27. Qxe7 Qc6 28. Bb4 h5 29. Kf2 {The position is equal.} Qc2+ {
[%mdl 64] [#] Double Attack} 30. Qe2 $1 {[%cal Re2c2]} Qxe2+ 31. Kxe2 {An
uneventful encounter.  Weighted Error Value: White=0.05/Black=0.04} 1/2-1/2

[Event "FIDE Chesscom Grand Swiss 2021"]
[Site "Riga"]
[Date "2021.11.05"]
[Round "9.12"]
[White "Sargissian, Gabriel"]
[Black "Sarana, Alexey"]
[Result "1-0"]
[WhiteElo "2664"]
[BlackElo "2649"]
[Annotator "TA"]
[PlyCount "51"]
[EventDate "2021.10.27"]
[EventType "swiss"]
[EventCountry "LAT"]
[Tiebreak "Cut1 Buchholz+Sonneborn-Berger (Swiss)"]
[SourceTitle "playchess.com"]
[Source "ChessBase"]
[SourceQuality "1"]

{[%evp 9,51,8,17,0,0,0,0,0,0,-8,89,-9,-2,0,-3,-2,0,0,0,-3,9,9,6,0,0,-8,40,38,
31,34,237,242,247,247,247,220,225,203,206,212,386,381,381,379]} 1. d4 Nf6 2. c4
e6 3. Nf3 d5 4. Nc3 dxc4 5. e4 Bb4 6. Bxc4 {D24: Queen's Gambit Accepted: 3
Nf3 Nf6 4 Nc3.} Nxe4 7. O-O Nxc3 8. bxc3 {The position is equal.} Bd6 9. Re1
Nd7 (9... O-O $11) 10. Ne5 ({White should play} 10. Bxe6 $1 $16 O-O 11. Bb3)
10... O-O $11 {[#]} 11. Qh5 $5 $146 {[%mdl 8] New and interesting.} ({
Predecessor:} 11. Qg4 Nf6 12. Qg3 Nh5 13. Qh3 g6 14. Bh6 Re8 15. g4 Ng7 16. Re3
f6 17. Nf3 {1/2-1/2 (59) Nakamura,H (2749)-Duda,J (2731) Saint Louis 2019})
11... Nf6 12. Qh3 Nd5 13. Bd3 $40 {[%csl Gd3][%cal Rh3h7][%mdl 128] Black
needs to defend precisely.} f5 14. Bc4 c5 15. Bxd5 exd5 16. Bf4 cxd4 17. cxd4
a5 18. Rac1 Ra6 19. Qb3 Be7 $2 {[#] Loses the game.} ({Better is} 19... Bb4 $14
) 20. Rxc8 $1 $18 {[%mdl 576] Deflection} Qxc8 21. Qxd5+ Qe6 {[#]} 22. Nc6 $1 {
[%mdl 512]} Qxd5 23. Nxe7+ Kf7 24. Nxd5 {Threatens to win with Re7+.} Re6 (
24... Rd8) 25. Rxe6 Kxe6 {[#]} 26. Nb6 $1 {Weighted Error Value: White=0.08/
Black=0.41} 1-0

[Event "FIDE Chesscom Grand Swiss 2021"]
[Site "Riga"]
[Date "2021.11.05"]
[Round "9.13"]
[White "Nihal Sarin"]
[Black "Deac, Bogdan-Daniel"]
[Result "1/2-1/2"]
[WhiteElo "2652"]
[BlackElo "2643"]
[Annotator "TA"]
[PlyCount "86"]
[EventDate "2021.10.27"]
[EventType "swiss"]
[EventCountry "LAT"]
[Tiebreak "Cut1 Buchholz+Sonneborn-Berger (Swiss)"]
[SourceTitle "playchess.com"]
[Source "ChessBase"]
[SourceQuality "1"]

{[%evp 9,86,0,20,0,14,-17,22,24,10,0,0,0,0,0,0,-2,0,2,0,0,0,0,9,0,8,8,21,29,22,
10,39,27,64,77,52,29,33,11,18,-22,-8,-8,-15,-15,-14,-20,-17,-14,-14,-20,-25,
-29,-32,-27,-25,-27,-20,-25,-27,-26,-24,-33,-26,-31,-35,-43,-40,-50,-37,-50,
-26,-26,-26,-39,-43,-49,-15,-18,-20]} 1. d4 Nf6 2. Bf4 d5 3. e3 c5 4. Nf3 Nc6
5. Nbd2 Nh5 6. Be5 {D02: 1 d4 d5 2 Nf3 sidelines, including 2...Nf6 3 g3 and 2.
..Nf6 3 Bf4.} e6 7. c4 cxd4 (7... f6 {looks sharper.} 8. Bg3 cxd4 9. cxd5 Nxg3
10. hxg3 Qxd5 11. Bc4 Qd6) 8. cxd5 {[#]} Qxd5 $146 {[#]} ({Predecessor:} 8...
exd5 9. Bxd4 Nxd4 10. Nxd4 Nf6 11. Bb5+ Bd7 12. Qa4 a6 13. Bxd7+ Qxd7 14. Qxd7+
Kxd7 {1/2-1/2 (41) Sedlak,N (2542)-Nikitenko,M (2452) Novi Sad 2021}) 9. Bc4 $1
Qd8 10. Bxd4 Nxd4 11. Nxd4 Nf6 12. O-O Be7 13. Qb3 O-O 14. Rfd1 Bc5 15. Rac1 {
[%cal Rd4e6]} Qe7 16. N2f3 {[%cal Bd2f3,Bf3g5,Bg5e4,Be4d6][%mdl 32]} a6 17. h3
Bd6 18. Ng5 {[%cal Rc4e6]} Kh8 19. Qd3 Bc7 20. Bb3 Bb6 21. Ndf3 {[#] Hoping
for Ne5.} h6 22. Ne4 Rd8 23. Nd6 {Nxf7+! is the strong threat.} Bd7 $1 {
[%cal Rd7b5]} 24. Nc4 Bb5 25. Qb1 Bc7 26. Nce5 Be8 27. Qc2 Rxd1+ 28. Rxd1 Rd8
29. Rxd8 Qxd8 30. Ba4 b5 31. Bb3 Qd6 32. a4 Kg8 33. axb5 axb5 34. Ba2 Nd7 (
34... Qb6 {with more complications.} 35. Bb1 Bd6 36. Qc8 Kf8 37. g3 Qc7) 35.
Nxd7 Bxd7 36. Bb1 g6 37. Qe2 Bc6 {White must now prevent ...Bxf3.} 38. e4 Qc5 {
And now ...Qc1+ would win.} 39. Qd2 Kg7 40. b4 Qd6 {Threatening ...Qxd2.} 41.
Qxd6 Bxd6 42. Nd4 Bd7 43. Bd3 Bxb4 {Weighted Error Value: White=0.06/Black=0.07
} 1/2-1/2

[Event "FIDE Chesscom Grand Swiss 2021"]
[Site "Riga"]
[Date "2021.11.05"]
[Round "9.14"]
[White "Cori, Jorge"]
[Black "Esipenko, Andrey"]
[Result "0-1"]
[WhiteElo "2655"]
[BlackElo "2720"]
[Annotator "TA"]
[PlyCount "88"]
[EventDate "2021.10.27"]
[EventType "swiss"]
[EventCountry "LAT"]
[Tiebreak "Cut1 Buchholz+Sonneborn-Berger (Swiss)"]
[SourceTitle "playchess.com"]
[Source "ChessBase"]
[SourceQuality "1"]

{[%evp 9,88,14,9,2,1,-7,7,0,0,0,0,-5,34,-4,-6,-6,16,0,6,-36,21,-15,-22,-34,-33,
-35,0,-26,-13,-20,-18,-89,-36,-97,-83,-120,-96,-128,0,-39,0,0,0,0,0,-265,-284,
-281,-242,-206,-187,-370,-372,-379,-313,-352,-377,-629,-634,-577,-379,-383,
-395,-598,-609,-588,-620,-1414,-1373,-1516,-1527,-1819,-1630,-1777,-1764,-2709,
-2544,-2414,-2136,-29988,-29989]} 1. c4 e5 2. Nc3 Bb4 3. Nd5 Be7 4. Nf3 d6 5.
e3 Nf6 6. Nxe7 {A21: English Opening: 1...e5 2 Nc3.} Qxe7 7. d4 {[#]} c5 $146 (
{Predecessor:} 7... O-O 8. Be2 c5 9. O-O Re8 10. d5 Bg4 11. h3 Bh5 12. g4 Bg6
13. Nh2 e4 {0-1 (41) Saric,I (2667)-Martinovic,S (2539) Mali Losinj 2019}) 8.
d5 {The position is equal.} e4 9. Nd2 Bf5 10. h3 h5 11. b3 Nbd7 12. Bb2 h4 13.
a3 Ne5 14. b4 b6 (14... Nfd7 $15) 15. Qb3 Rh6 16. bxc5 bxc5 17. Rb1 Kf8 18. Bc3
(18. Bxe5 $5 Qxe5 19. Qb7 $11) 18... Nfd7 19. Qb7 Qd8 20. Qa6 (20. a4 $11 {
keeps the balance.}) 20... Kg8 (20... Qg5 $1 $17 {Hoping for ...Nd3+.} 21. Rb7
Kg8) 21. a4 (21. Rh2 $15) 21... Qf6 22. Rb3 Rg6 23. Rh2 {[#]} Rh6 (23... Kh7 $1
$17 24. Kd1 Qg5) 24. a5 Rh8 25. Be2 Kh7 26. Kd1 Bg6 27. Rh1 $2 {[%mdl 8192]
White is on the road to losing.} (27. g3 $11 {and White stays safe.}) 27...
Qxf2 $19 28. Qxd6 Qxg2 29. Rf1 {[#]} Rhe8 30. Bxe5 $2 (30. Rb7 Qxh3 31. Rxd7
Nxd7 32. Qf4) 30... Nxe5 31. Qxc5 Qxh3 32. Qd4 Qg2 33. Rf4 $2 (33. Ke1 h3 34.
Rf2 Qg1+ 35. Nf1) 33... Kg8 34. Bf1 Qh1 {White must now prevent ...h3.} 35. d6
{Black should prevent d7.} Rad8 {...h3 is the strong threat.} 36. Rb7 (36. Qd5
{is a better defense.} h3 37. Rb7) 36... Nd3 37. d7 Rf8 38. Qd6 Nxf4 39. Qxf4
h3 40. c5 h2 41. c6 Qg1 42. c7 Rxd7 43. Rb8 Bh5+ 44. Ke1 {[#]} Rxc7 $1 {
[%cal Rc7c1][%mdl 512] Weighted Error Value: White=0.88/Black=0.15} 0-1

[Event "FIDE Chesscom Grand Swiss 2021"]
[Site "Riga"]
[Date "2021.11.05"]
[Round "9.15"]
[White "Volokitin, Andrei"]
[Black "Dubov, Daniil"]
[Result "0-1"]
[WhiteElo "2652"]
[BlackElo "2714"]
[Annotator "TA"]
[PlyCount "82"]
[EventDate "2021.10.27"]
[EventType "swiss"]
[EventCountry "LAT"]
[Tiebreak "Cut1 Buchholz+Sonneborn-Berger (Swiss)"]
[SourceTitle "playchess.com"]
[Source "ChessBase"]
[SourceQuality "1"]

{[%evp 15,82,21,28,22,27,28,35,20,36,26,37,0,36,0,45,36,39,32,35,35,42,19,18,
16,23,15,16,0,0,4,6,0,0,0,0,0,9,0,7,0,2,6,12,-84,-65,-270,-278,-245,-195,-455,
-456,-450,-456,-789,-591,-547,-517,-630,-630,-1879,-2521,-2868,-1532,-2694,
-2220,-1474,-1236,-1207,-1177]} 1. e4 e5 2. Nf3 Nc6 3. Bc4 Nf6 4. d3 Be7 5. O-O
O-O 6. Re1 d6 7. a4 Be6 8. a5 {8.Bxe6 is the modern continuation.} a6 9. Nbd2 {
C55: Two Knights: 4 d3, 4 d4 exd4 5 e5 and Max Lange Attack.} Bxc4 $5 {[%mdl 4]
Leaves trodden paths.} 10. Nxc4 Re8 {[#]} 11. Bg5 $146 {White is slightly
better.} ({Predecessor:} 11. c3 h6 12. Qb3 Rb8 13. Ne3 Bf8 14. Nf5 Qd7 15. c4
Nd8 16. Be3 c6 17. Qc2 {1-0 (56) Bocharov,I (2563)-Ozgibcev,A (2368) Sochi 2018
}) 11... Nd7 12. Bd2 Nf6 13. Bg5 Nd7 14. Bd2 Nf6 15. c3 h6 16. Qb3 Rb8 17. Ne3
Bf8 18. Qa2 Ne7 19. b4 Ng6 20. Nd5 Nxd5 21. Qxd5 c6 22. Qb3 d5 23. Rad1 Qd7 24.
Be3 Rbd8 25. Bb6 Rc8 26. Be3 Kh7 27. h4 Qg4 28. exd5 f5 29. Bd2 (29. Qc4 $11)
29... Bd6 $17 {[#] ...e4! is the strong threat.} 30. dxc6 $2 {Loses the game.}
(30. Nh2 $1 $15 Qxh4 31. Re3) 30... e4 $19 31. dxe4 fxe4 $40 {[%mdl 128] White
is in trouble.} 32. Ng5+ (32. c4 exf3 33. Qxf3 Qxf3 34. gxf3 bxc6 35. Rxe8 Rxe8
36. h5) 32... hxg5 {Black is clearly winning.} 33. Bxg5 Rxc6 34. Re3 (34. Kf1
$142) 34... Bf4 ({Not} 34... Nxh4 35. Bxh4 Bf4 36. Rh3 $11) 35. Rh3 e3 36. f3
Qe6 37. Qc2 {[#] and if Bxf4 works, White does fine.} e2 $1 38. Re1 Qe3+ 39.
Kh1 Rxc3 40. Bxf4 Rxc2 41. Bxe3 Rxe3 {Weighted Error Value: White=0.65/Black=0.
14} 0-1